000 00543nam a2200181Ia 4500
008 090123s9999 xx 000 0 und d
082 _b27753
100 _aभारद्वाज मंदाकिनी
245 _aनाती
250 _a1
260 _bस्वप्नसुधा प्रकाशन
300 _a192
600 _aभारद्वाज मंदाकिनी
630 _aनाती
700 _aभारद्वाज मंदाकिनी
730 _aनाती
942 _cBOOK
999 _c66124
_d66124